[Event "Vienna Chess Open 2019"]
[Site "Vienna"]
[Date "2019.08.22"]
[Round "7.10"]
[White "Miedema, David"]
[Black "Pieper, Thomas"]
[Result "1/2-1/2"]
[WhiteElo "2371"]
[BlackElo "2371"]
[Annotator "NA"]
[PlyCount "135"]
[EventDate "2019.08.17"]
[EventType "swiss"]
[EventCountry "AUT"]
[SourceTitle "playchess.com"]
[Source "ChessBase"]
[SourceQuality "1"]
[TimeControl "40/5400+30:1800+30"]

1. d4 {[%emt 0:00:00]} d5 {[%emt 0:00:22]} 2. c4 {[%emt 0:00:00]} dxc4 {[%emt 0:00:10]} 3. Nf3 {[%emt 0:00:17]} Nf6 {[%emt 0:00:28]} 4. e3 {[%emt 0:00:06]} Bg4 {[%emt 0:00:39]} 5. Bxc4 {[%emt 0:00:06]} e6 {[%emt 0:00:15]} 6. h3 {[%emt 0:00:06]} Bh5 {[%emt 0:00:54]} 7. Nc3 {[%emt 0:00:05]} Nbd7 {[%emt 0:01:41]} 8. e4 {[%emt 0:01:01]} Bxf3 {[%emt 0:20:00]} 9. Qxf3 {[%emt 0:04:24]} Nb6 {[%emt 0:02:58]} 10. Qd3 {[%emt 0:00:09]} Nxc4 {[%emt 0:00:08]} 11. Qxc4 {[%emt 0:00:04]} c6 {[%emt 0:03:09]} 12. O-O {[%emt 0:02:12]} Be7 {[%emt 0:02:42]} 13. Be3 {[%emt 0:00:32]} O-O {[%emt 0:03:02]} 14. f4 {[%emt 0:02:37]} b5 {[%emt 0:02:36]} 15. Qxc6 {[%emt 0:01:11]} b4 {[%emt 0:03:18]} 16. Nb5 {[%emt 0:02:18]} Rc8 {[%emt 0:15:27]} 17. Qa6 {[%emt 0:01:48]} Nxe4 {[%emt 0:01:40]} 18. Rfc1 {[%emt 0:03:13]} Qd7 {[%emt 0:01:11]} 19. Nxa7 {[%emt 0:02:52]} Ra8 {[%emt 0:03:20]} 20. Qc6 {[%emt 0:00:38]} Rxa7 {[%emt 0:04:10]} 21. Qxe4 {[%emt 0:00:06]} Qd5 {[%emt 0:12:25]} 22. Qxd5 {[%emt 0:05:47]} exd5 {[%emt 0:00:01]} 23. b3 {[%emt 0:00:11]} f5 {[%emt 0:02:55]} 24. Rc2 {[%emt 0:00:45]} Rfa8 {[%emt 0:00:13]} 25. Kf2 {[%emt 0:01:13]} Ra3 {[%emt 0:00:52]} 26. Rb2 {[%emt 0:00:08]} Kf7 {[%emt 0:00:38]} 27. Ke2 {[%emt 0:00:05]} Ke6 {[%emt 0:00:54]} 28. Kd3 {[%emt 0:00:07]} Bd6 {[%emt 0:01:34]} 29. Kc2 {[%emt 0:00:06]} Kd7 {[%emt 0:03:03]} 30. g4 {[%emt 0:01:55]} Re8 {[%emt 0:03:01]} 31. Kd3 {[%emt 0:00:04]} Rf8 {[%emt 0:01:46]} 32. Rf1 {[%emt 0:00:24]} g6 {[%emt 0:00:23]} 33. Rg2 {[%emt 0:01:53]} Ra6 {[%emt 0:00:40]} 34. g5 {[%emt 0:00:27]} Re8 {[%emt 0:01:29]} 35. h4 {[%emt 0:00:06]} Rc6 {[%emt 0:00:40]} 36. Bd2 {[%emt 0:00:19]} Ra8 {[%emt 0:02:48]} 37. Ra1 {[%emt 0:01:56]} Rca6 {[%emt 0:00:44]} 38. Be3 {[%emt 0:00:05]} Ra3 {[%emt 0:01:27]} 39. Rb2 {[%emt 0:00:05]} Ke6 {[%emt 0:01:05]} 40. h5 {[%emt 0:02:32]} Kf7 {[%emt 0:01:27]} 41. hxg6+ {[%emt 0:30:51]} hxg6 {[%emt 0:31:18]} 42. Rh1 {[%emt 0:00:04]} Rxa2 {[%emt 0:00:00]} 43. Rh7+ {[%emt 0:00:00]} Ke6 {[%emt 0:00:00]} 44. Rxa2 {[%emt 0:00:00]} Rxa2 {[%emt 0:00:00]} 45. Rg7 {[%emt 0:00:00]} Rb2 {[%emt 0:00:00]} 46. Rxg6+ {[%emt 0:00:00]} Ke7 {[%emt 0:00:00]} 47. Rg7+ {[%emt 0:00:00]} Ke6 {[%emt 0:00:00]} 48. Rg6+ {[%emt 0:00:00]} Ke7 {[%emt 0:00:00]} 49. Rg7+ {[%emt 0:15:49]} Ke6 {[%emt 0:00:00]} 50. Rb7 {[%emt 0:00:16]} Rxb3+ {[%emt 0:00:00]} 51. Ke2 {[%emt 0:00:09]} Rb2+ {[%emt 0:00:00]} 52. Kf3 {[%emt 0:00:07]} Rc2 {[%emt 0:00:00]} 53. g6 {[%emt 0:01:33]} Rc7 {[%emt 0:00:00]} 54. g7 {[%emt 0:00:04]} Kf7 {[%emt 0:00:00]} 55. Rb5 {[%emt 0:00:03]} Kxg7 {[%emt 0:01:51]} 56. Rxd5 {[%emt 0:00:05]} Be7 {[%emt 0:03:40]} 57. Rxf5 {[%emt 0:00:14]} Rb7 {[%emt 0:00:20]} 58. d5 {[%emt 0:02:19]} Bf6 {[%emt 0:01:00]} 59. d6 {[%emt 0:01:40]} b3 {[%emt 0:00:33]} 60. d7 {[%emt 0:00:05]} Rxd7 {[%emt 0:00:23]} 61. Rb5 {[%emt 0:00:05]} b2 {[%emt 0:00:12]} 62. Ke2 {[%emt 0:01:05]} Kg6 {[%emt 0:00:58]} 63. Bd2 {[%emt 0:00:35]} Bd4 {[%emt 0:00:32]} 64. Kd3 {[%emt 0:00:44]} Bf6+ {[%emt 0:00:46]} 65. Kc2 {[%emt 0:00:06]} Rc7+ {[%emt 0:00:15]} 66. Kb1 {[%emt 0:00:19]} Ra7 {[%emt 0:00:20]} 67. Rxb2 {[%emt 0:00:09]} Bxb2 {[%emt 0:00:08]} 68. Kxb2 {[%emt 0:00:03]} 1/2-1/2

[Event "Vienna Chess Open 2019"]
[Site "Vienna"]
[Date "2019.08.22"]
[Round "7.11"]
[White "Hertneck, Gerald"]
[Black "Halvax, Georg"]
[Result "0-1"]
[WhiteElo "2495"]
[BlackElo "2403"]
[Annotator "ChessBase"]
[PlyCount "120"]
[EventDate "2019.08.17"]
[EventType "swiss"]
[EventCountry "AUT"]
[SourceTitle "playchess.com"]
[Source "ChessBase"]
[SourceQuality "1"]
[TimeControl "40/5400+30:1800+30"]

1. d4 {[%emt 0:00:00]} d5 {[%emt 0:00:00]} 2. Nf3 {[%emt 0:00:00]} Nf6 {[%emt 0:00:01]} 3. c4 {[%emt 0:00:00]} e6 {[%emt 0:00:08]} 4. g3 {[%emt 0:00:00]} g6 {[%emt 0:10:44]} 5. Bg2 {[%emt 0:00:13]} Bg7 {[%emt 0:00:06]} 6. O-O {[%emt 0:00:18]} O-O {[%emt 0:00:04]} 7. Nc3 {[%emt 0:03:16]} Nc6 {[%emt 0:01:24]} 8. e3 {[%emt 0:06:41]} a5 {[%emt 0:05:47]} 9. Ne5 {[%emt 0:04:54]} Ne7 {[%emt 0:35:08]} 10. b3 {[%emt 0:02:32]} b6 {[%emt 0:01:09]} 11. Ba3 {[%emt 0:00:35]} Bb7 {[%emt 0:01:30]} 12. Rc1 {[%emt 0:01:15]} Re8 {[%emt 0:05:41]} 13. Nb5 {[%emt 0:03:22]} Ba6 {[%emt 0:06:41]} 14. Re1 {[%emt 0:01:25]} Nf5 {[%emt 0:14:25]} 15. Bf1 {[%emt 0:18:21]} Nd6 {[%emt 0:00:46]} 16. Nc3 {[%emt 0:00:07]} Nfe4 {[%emt 0:04:43]} 17. Nxe4 {[%emt 0:05:40]} Nxe4 {[%emt 0:03:58]} 18. Qf3 {[%emt 0:06:56]} Bxe5 {[%emt 0:02:08]} 19. dxe5 {[%emt 0:01:47]} Nd2 {[%emt 0:00:02]} 20. Qf4 {[%emt 0:00:10]} Nxf1 {[%emt 0:00:32]} 21. Rxf1 {[%emt 0:00:05]} c5 {[%emt 0:00:09]} 22. Rfd1 {[%emt 0:00:15]} Bb7 {[%emt 0:00:02]} 23. e4 {[%emt 0:01:35]} d4 {[%emt 0:00:45]} 24. Rd3 {[%emt 0:01:08]} Qe7 {[%emt 0:00:38]} 25. Re1 {[%emt 0:00:57]} a4 {[%emt 0:00:21]} 26. Bc1 {[%emt 0:01:13]} axb3 {[%emt 0:00:11]} 27. axb3 {[%emt 0:03:33]} Ra1 {[%emt 0:00:01]} 28. Kg2 {[%emt 0:04:27]} Rea8 {[%emt 0:00:47]} 29. Qh6 {[%emt 0:02:47]} Qf8 {[%emt 0:00:14]} 30. Qh4 {[%emt 0:00:16]} Qg7 {[%emt 0:00:48]} 31. Rdd1 {[%emt 0:06:28]} R1a2 {[%emt 0:02:33]} 32. Bg5 {[%emt 0:01:17]} Qxe5 {[%emt 0:00:38]} 33. Bf6 {[%emt 0:00:59]} Qf5 {[%emt 0:00:01]} 34. Qf4 {[%emt 0:01:33]} Qxf4 {[%emt 0:00:28]} 35. gxf4 {[%emt 0:00:05]} Rb2 {[%emt 0:00:12]} 36. Kg3 {[%emt 0:08:57]} Raa2 {[%emt 0:00:47]} 37. Ra1 {[%emt 0:02:04]} Rxf2 {[%emt 0:02:16]} 38. Rxa2 {[%emt 0:00:05]} Rxa2 {[%emt 0:00:03]} 39. b4 {[%emt 0:00:08]} cxb4 {[%emt 0:02:47]} 40. Bxd4 {[%emt 0:01:22]} Rc2 {[%emt 0:00:04]} 41. Bf6 {[%emt 0:31:55]} Rxc4 {[%emt 0:17:31]} 42. Rd1 {[%emt 0:00:00]} Rc8 {[%emt 0:00:03]} 43. Rd4 {[%emt 0:00:00]} b3 {[%emt 0:00:03]} 44. Rb4 {[%emt 0:00:00]} b5 {[%emt 0:02:32]} 45. Kf3 {[%emt 0:00:00]} Rc5 {[%emt 0:01:05]} 46. Rxb3 {[%emt 0:00:00]} Rf5 {[%emt 0:01:39]} 47. Bg5 {[%emt 0:00:00]} h6 {[%emt 0:00:46]} 48. Ke3 {[%emt 0:00:00]} Bxe4 {[%emt 0:00:38]} 49. Bxh6 {[%emt 0:00:00]} Rh5 {[%emt 0:00:31]} 50. Kxe4 {[%emt 0:00:00]} Rxh6 {[%emt 0:00:04]} 51. Rxb5 {[%emt 0:00:00]} Rxh2 {[%emt 0:00:06]} 52. Kf3 {[%emt 0:00:00]} Kg7 {[%emt 0:00:12]} 53. Kg3 {[%emt 0:00:00]} Rh5 {[%emt 0:00:17]} 54. Rb7 {[%emt 0:00:00]} e5 {[%emt 0:00:34]} 55. fxe5 {[%emt 0:00:00]} Rxe5 {[%emt 0:00:05]} 56. Kf4 {[%emt 0:00:00]} Rf5+ {[%emt 0:00:10]} 57. Kg4 {[%emt 0:00:00]} Kh6 {[%emt 0:00:25]} 58. Ra7 {[%emt 0:00:00]} Rf1 {[%emt 0:00:09]} 59. Rb7 {[%emt 0:00:00]} f5+ {[%emt 0:00:13]} 60. Kg3 {[%emt 0:00:00]} Kg5 {[%emt 0:00:16]} 0-1

[Event "Vienna Chess Open 2019"]
[Site "Vienna"]
[Date "2019.08.22"]
[Round "7.11"]
[White "Kindermann, Stefan"]
[Black "Ibanez Aullana, Ramon"]
[Result "1-0"]
[WhiteElo "2316"]
[BlackElo "2316"]
[Annotator "NA"]
[PlyCount "83"]
[EventDate "2019.08.17"]
[EventType "swiss"]
[EventCountry "AUT"]
[SourceTitle "playchess.com"]
[Source "ChessBase"]
[SourceQuality "1"]
[TimeControl "40/5400+30:1800+30"]

1. e4 {[%emt 0:00:00]} g6 {[%emt 0:02:26]} 2. d4 {[%emt 0:00:14]} Bg7 {[%emt 0:00:08]} 3. Nc3 {[%emt 0:02:39]} a6 {[%emt 0:00:46]} 4. f4 {[%emt 0:03:48]} d5 {[%emt 0:00:13]} 5. e5 {[%emt 0:04:24]} h5 {[%emt 0:00:03]} 6. Nf3 {[%emt 0:01:34]} Nh6 {[%emt 0:00:08]} 7. Be3 {[%emt 0:01:03]} Nc6 {[%emt 0:06:33]} 8. Be2 {[%emt 0:03:27]} Bg4 {[%emt 0:00:33]} 9. h3 {[%emt 0:14:20]} Nf5 {[%emt 0:07:35]} 10. Bf2 {[%emt 0:00:38]} Bxf3 {[%emt 0:00:02]} 11. Bxf3 {[%emt 0:00:06]} e6 {[%emt 0:00:06]} 12. g3 {[%emt 0:02:17]} Na5 {[%emt 0:05:03]} 13. Qd3 {[%emt 0:04:13]} Bf8 {[%emt 0:16:08]} 14. Ne2 {[%emt 0:02:48]} b5 {[%emt 0:21:55]} 15. O-O-O {[%emt 0:08:53]} Nc4 {[%emt 0:00:47]} 16. g4 {[%emt 0:00:36]} Ng7 {[%emt 0:04:04]} 17. Kb1 {[%emt 0:01:23]} c6 {[%emt 0:00:48]} 18. b3 {[%emt 0:01:52]} Rb8 {[%emt 0:06:33]} 19. Ka1 {[%emt 0:02:54]} hxg4 {[%emt 0:05:40]} 20. hxg4 {[%emt 0:00:21]} Rxh1 {[%emt 0:00:07]} 21. Rxh1 {[%emt 0:01:11]} a5 {[%emt 0:00:36]} 22. bxc4 {[%emt 0:07:24]} bxc4 {[%emt 0:00:20]} 23. Qe3 {[%emt 0:00:20]} Qb6 {[%emt 0:05:59]} 24. Qc1 {[%emt 0:00:49]} Kd7 {[%emt 0:05:16]} 25. c3 {[%emt 0:06:48]} Ne8 {[%emt 0:00:16]} 26. Qc2 {[%emt 0:02:37]} Nc7 {[%emt 0:00:10]} 27. Rb1 {[%emt 0:01:14]} Nb5 {[%emt 0:00:02]} 28. Qd2 {[%emt 0:01:05]} a4 {[%emt 0:02:34]} 29. f5 {[%emt 0:01:38]} Qd8 {[%emt 0:06:15]} 30. fxe6+ {[%emt 0:02:07]} fxe6 {[%emt 0:00:01]} 31. g5 {[%emt 0:00:37]} Be7 {[%emt 0:00:49]} 32. Be3 {[%emt 0:00:22]} Qh8 {[%emt 0:02:03]} 33. Nf4 {[%emt 0:00:57]} Bxg5 {[%emt 0:00:13]} 34. Nxe6 {[%emt 0:02:45]} Be7 {[%emt 0:02:06]} 35. Nf4 {[%emt 0:01:41]} g5 {[%emt 0:00:22]} 36. Bg4+ {[%emt 0:00:38]} Ke8 {[%emt 0:00:18]} 37. Ng6 {[%emt 0:02:53]} Qh7 {[%emt 0:00:10]} 38. Bf5 {[%emt 0:00:16]} Qf7 {[%emt 0:01:09]} 39. Nxe7 {[%emt 0:00:37]} Kxe7 {[%emt 0:00:12]} 40. Bxg5+ {[%emt 0:00:22]} Ke8 {[%emt 0:00:43]} 41. Qc2 {[%emt 0:32:39]} Qg7 {[%emt 0:05:19]} 42. Bg6+ 1-0

[Event "Vienna Chess Open 2019"]
[Site "Vienna"]
[Date "2019.08.22"]
[Round "7.11"]
[White "Gueci, Tea"]
[Black "Zeller, Frank"]
[Result "0-1"]
[WhiteElo "2259"]
[BlackElo "2371"]
[Annotator "NA"]
[PlyCount "90"]
[EventDate "2019.08.17"]
[EventType "swiss"]
[EventCountry "AUT"]
[SourceTitle "playchess.com"]
[Source "ChessBase"]
[SourceQuality "1"]
[TimeControl "40/5400+30:1800+30"]

1. e4 {[%emt 0:00:00]} e5 {[%emt 0:00:00]} 2. Nf3 {[%emt 0:00:00]} Nc6 {[%emt 0:00:00]} 3. Bb5 {[%emt 0:00:00]} a6 {[%emt 0:00:00]} 4. Ba4 {[%emt 0:00:00]} Nf6 {[%emt 0:00:16]} 5. d3 {[%emt 0:00:00]} d6 {[%emt 0:02:02]} 6. c4 {[%emt 0:00:28]} Be7 {[%emt 0:05:44]} 7. h3 {[%emt 0:00:21]} O-O {[%emt 0:00:11]} 8. O-O {[%emt 0:00:10]} Nd7 {[%emt 0:00:44]} 9. Be3 {[%emt 0:00:23]} Bf6 {[%emt 0:12:32]} 10. Nc3 {[%emt 0:00:18]} Nc5 {[%emt 0:11:39]} 11. Bc2 {[%emt 0:06:03]} Ne6 {[%emt 0:01:12]} 12. Nd5 {[%emt 0:03:00]} Kh8 {[%emt 0:03:32]} 13. Qd2 {[%emt 0:04:49]} Rg8 {[%emt 0:06:16]} 14. b4 {[%emt 0:18:35]} g5 {[%emt 0:03:45]} 15. Nh2 {[%emt 0:14:20]} Nf4 {[%emt 0:03:07]} 16. Bd1 {[%emt 0:02:26]} Be6 {[%emt 0:01:00]} 17. Bf3 {[%emt 0:08:35]} Rg6 {[%emt 0:04:23]} 18. b5 {[%emt 0:03:43]} Nd4 {[%emt 0:17:21]} 19. Bxd4 {[%emt 0:01:18]} exd4 {[%emt 0:00:25]} 20. Nxf4 {[%emt 0:05:01]} gxf4 {[%emt 0:00:07]} 21. Kh1 {[%emt 0:00:32]} Be5 {[%emt 0:00:15]} 22. a4 {[%emt 0:03:46]} a5 {[%emt 0:03:21]} 23. Qd1 {[%emt 0:05:22]} Qh4 {[%emt 0:00:18]} 24. Rg1 {[%emt 0:04:10]} Rag8 {[%emt 0:00:07]} 25. Qe2 {[%emt 0:00:53]} b6 {[%emt 0:02:50]} 26. Rab1 {[%emt 0:01:38]} Rg5 {[%emt 0:00:28]} 27. Rbc1 {[%emt 0:03:31]} R8g6 {[%emt 0:00:34]} 28. Rb1 {[%emt 0:00:20]} Rh6 {[%emt 0:00:33]} 29. Qf1 {[%emt 0:00:39]} Rg7 {[%emt 0:06:03]} 30. Rc1 {[%emt 0:01:39]} Qg5 {[%emt 0:01:23]} 31. Rb1 {[%emt 0:02:02]} Rh4 {[%emt 0:00:25]} 32. Rc1 {[%emt 0:02:35]} Qh6 {[%emt 0:00:13]} 33. Rd1 {[%emt 0:05:34]} Rg6 {[%emt 0:00:12]} 34. Rd2 {[%emt 0:03:21]} Bxh3 {[%emt 0:01:43]} 35. gxh3 {[%emt 0:00:11]} Rxh3 {[%emt 0:00:01]} 36. Rg2 {[%emt 0:01:32]} Rxf3 {[%emt 0:00:06]} 37. Rxg6 {[%emt 0:00:38]} fxg6 {[%emt 0:00:27]} 38. Qg2 {[%emt 0:00:19]} Rh3 {[%emt 0:00:05]} 39. f3 {[%emt 0:00:09]} Rg3 {[%emt 0:00:05]} 40. Qf1 {[%emt 0:00:23]} Qh4 {[%emt 0:01:10]} 41. Rg2 {[%emt 0:02:59]} h5 {[%emt 0:00:02]} 42. Kg1 {[%emt 0:02:04]} g5 {[%emt 0:15:10]} 43. Qf2 {[%emt 0:00:22]} Qh3 {[%emt 0:00:17]} 44. Qd2 {[%emt 0:03:59]} Kh7 {[%emt 0:03:23]} 45. Nf1 {[%emt 0:04:12]} Rxf3 {[%emt 0:01:42]} 0-1

[Event "Vienna Chess Open 2019"]
[Site "Vienna"]
[Date "2019.08.22"]
[Round "7.12"]
[White "Hecht, Carsten"]
[Black "Schreiner, Peter"]
[Result "1/2-1/2"]
[WhiteElo "2481"]
[BlackElo "2300"]
[Annotator "ChessBase"]
[PlyCount "66"]
[EventDate "2019.08.17"]
[EventType "swiss"]
[EventCountry "AUT"]
[SourceTitle "playchess.com"]
[Source "ChessBase"]
[SourceQuality "1"]
[TimeControl "40/5400+30:1800+30"]

1. e4 {[%emt 0:00:00]} e5 {[%emt 0:00:42]} 2. Nf3 {[%emt 0:00:00]} Nc6 {[%emt 0:00:08]} 3. Bb5 {[%emt 0:00:00]} a6 {[%emt 0:00:22]} 4. Ba4 {[%emt 0:00:00]} Nf6 {[%emt 0:00:08]} 5. O-O {[%emt 0:00:00]} b5 {[%emt 0:00:06]} 6. Bb3 {[%emt 0:00:03]} Bb7 {[%emt 0:00:08]} 7. d3 {[%emt 0:01:29]} Be7 {[%emt 0:00:10]} 8. Nc3 {[%emt 0:04:49]} O-O {[%emt 0:00:15]} 9. a3 {[%emt 0:09:43]} d6 {[%emt 0:00:40]} 10. Nd5 {[%emt 0:13:07]} Nxd5 {[%emt 0:00:46]} 11. Bxd5 {[%emt 0:04:28]} Qc8 {[%emt 0:00:26]} 12. Re1 {[%emt 0:06:59]} Nd8 {[%emt 0:11:49]} 13. Bxb7 {[%emt 0:00:44]} Qxb7 {[%emt 0:03:55]} 14. d4 {[%emt 0:00:14]} Bf6 {[%emt 0:01:11]} 15. c3 {[%emt 0:18:35]} Ne6 {[%emt 0:14:32]} 16. dxe5 {[%emt 0:07:04]} dxe5 {[%emt 0:01:25]} 17. Qc2 {[%emt 0:00:48]} Rfd8 {[%emt 0:03:14]} 18. Be3 {[%emt 0:01:01]} Rd6 {[%emt 0:04:44]} 19. Rad1 {[%emt 0:00:55]} Rad8 {[%emt 0:01:43]} 20. Rxd6 {[%emt 0:00:10]} Rxd6 {[%emt 0:00:09]} 21. Re2 {[%emt 0:06:03]} h6 {[%emt 0:21:17]} 22. Rd2 {[%emt 0:01:21]} Rxd2 {[%emt 0:03:14]} 23. Nxd2 {[%emt 0:00:09]} Bg5 {[%emt 0:01:12]} 24. Bxg5 {[%emt 0:01:47]} hxg5 {[%emt 0:02:23]} 25. Qd3 {[%emt 0:00:16]} Qc6 {[%emt 0:04:47]} 26. Nf1 {[%emt 0:04:01]} f6 {[%emt 0:06:56]} 27. Ne3 {[%emt 0:01:03]} Kf7 {[%emt 0:02:47]} 28. g3 {[%emt 0:05:38]} Nc5 {[%emt 0:09:36]} 29. Qd8 {[%emt 0:01:09]} Ne6 {[%emt 0:01:10]} 30. Qd3 {[%emt 0:00:27]} Ke8 {[%emt 0:00:46]} 31. b4 {[%emt 0:00:45]} Qd7 {[%emt 0:01:14]} 32. Qxd7+ {[%emt 0:00:15]} Kxd7 {[%emt 0:00:01]} 33. Kf1 {[%emt 0:00:39]} c6 {[%emt 0:01:05]} 1/2-1/2

[Event "Vienna Chess Open 2019"]
[Site "Vienna"]
[Date "2019.08.22"]
[Round "7.12"]
[White "Muckle, Julius"]
[Black "Valsecchi, Alessio"]
[Result "0-1"]
[WhiteElo "2368"]
[BlackElo "2494"]
[Annotator "ChessBase"]
[PlyCount "142"]
[EventDate "2019.08.17"]
[EventType "swiss"]
[EventCountry "AUT"]
[SourceTitle "playchess.com"]
[Source "ChessBase"]
[SourceQuality "1"]
[TimeControl "40/5400+30:1800+30"]

1. d4 {[%emt 0:00:00]} Nf6 {[%emt 0:00:00]} 2. c4 {[%emt 0:00:00]} g6 {[%emt 0:00:04]} 3. Nc3 {[%emt 0:00:00]} d5 {[%emt 0:00:08]} 4. Bg5 {[%emt 0:00:00]} Ne4 {[%emt 0:00:36]} 5. Bh4 {[%emt 0:00:00]} Nxc3 {[%emt 0:00:31]} 6. bxc3 {[%emt 0:00:00]} dxc4 {[%emt 0:00:14]} 7. e3 {[%emt 0:00:07]} Be6 {[%emt 0:00:10]} 8. Rb1 {[%emt 0:00:50]} c5 {[%emt 0:01:04]} 9. Qa4+ {[%emt 0:13:54]} Qd7 {[%emt 0:08:33]} 10. Qxd7+ {[%emt 0:02:20]} Nxd7 {[%emt 0:00:46]} 11. Rxb7 {[%emt 0:00:10]} cxd4 {[%emt 0:03:36]} 12. exd4 {[%emt 0:00:41]} Bh6 {[%emt 0:02:32]} 13. Nf3 {[%emt 0:13:21]} Bd5 {[%emt 0:26:42]} 14. Rb4 {[%emt 0:04:52]} O-O {[%emt 0:10:03]} 15. Bxc4 {[%emt 0:01:56]} Bxc4 {[%emt 0:01:10]} 16. Rxc4 {[%emt 0:00:01]} Rfc8 {[%emt 0:00:10]} 17. Rxc8+ {[%emt 0:00:24]} Rxc8 {[%emt 0:00:03]} 18. Ke2 {[%emt 0:09:51]} Rxc3 {[%emt 0:01:07]} 19. Rb1 {[%emt 0:00:04]} Rc2+ {[%emt 0:13:30]} 20. Kf1 {[%emt 0:05:10]} Rxa2 {[%emt 0:01:42]} 21. Bxe7 {[%emt 0:01:36]} Bf8 {[%emt 0:01:05]} 22. Rb7 {[%emt 0:01:06]} Bxe7 {[%emt 0:01:07]} 23. Rxd7 {[%emt 0:00:01]} Kf8 {[%emt 0:04:31]} 24. Ne5 {[%emt 0:06:07]} a5 {[%emt 0:01:01]} 25. d5 {[%emt 0:01:51]} f6 {[%emt 0:05:42]} 26. Nc4 {[%emt 0:08:37]} Ke8 {[%emt 0:06:03]} 27. Rc7 {[%emt 0:04:32]} Kd8 {[%emt 0:01:59]} 28. Rc6 {[%emt 0:02:21]} Bb4 {[%emt 0:05:25]} 29. Rxf6 {[%emt 0:01:56]} a4 {[%emt 0:00:19]} 30. g4 {[%emt 0:02:44]} a3 {[%emt 0:00:26]} 31. Ra6 {[%emt 0:02:58]} Bc5 {[%emt 0:00:13]} 32. Ra5 {[%emt 0:01:49]} Rxf2+ {[%emt 0:00:30]} 33. Ke1 {[%emt 0:00:00]} a2 {[%emt 0:00:16]} 34. Nd2 {[%emt 0:00:21]} Rxh2 {[%emt 0:02:34]} 35. Rxa2 {[%emt 0:00:16]} Kd7 {[%emt 0:01:35]} 36. Ra4 {[%emt 0:02:07]} Kd6 {[%emt 0:01:22]} 37. Nb3 {[%emt 0:04:57]} Be3 {[%emt 0:00:57]} 38. Ra5 {[%emt 0:01:30]} Rb2 {[%emt 0:00:15]} 39. Rb5 {[%emt 0:00:06]} Ke5 {[%emt 0:00:46]} 40. Kd1 {[%emt 0:02:24]} h6 {[%emt 0:00:31]} 41. Ke1 {[%emt 0:31:23]} Rg2 {[%emt 0:07:45]} 42. Na5 {[%emt 0:00:00]} Bd2+ {[%emt 0:00:41]} 43. Kf1 {[%emt 0:00:00]} Rxg4 {[%emt 0:00:02]} 44. Nc6+ {[%emt 0:00:00]} Kd6 {[%emt 0:01:17]} 45. Ke2 {[%emt 0:00:00]} Bg5 {[%emt 0:01:41]} 46. Kd3 {[%emt 0:00:00]} Bf6 {[%emt 0:01:55]} 47. Nb4 {[%emt 0:00:00]} Bd4 {[%emt 0:04:26]} 48. Na2 {[%emt 0:00:00]} h5 {[%emt 0:00:50]} 49. Nc1 {[%emt 0:00:00]} Bc5 {[%emt 0:00:58]} 50. Nb3 {[%emt 0:00:00]} Bg1 {[%emt 0:00:35]} 51. Nd2 {[%emt 0:00:00]} Rd4+ {[%emt 0:01:33]} 52. Ke2 {[%emt 0:00:00]} Rg4 {[%emt 0:05:04]} 53. Kf3 {[%emt 0:00:00]} Ke5 {[%emt 0:00:32]} 54. Ke2 {[%emt 0:01:32]} h4 {[%emt 0:00:30]} 55. d6+ {[%emt 0:04:29]} Kxd6 {[%emt 0:00:04]} 56. Rg5 {[%emt 0:00:03]} Rxg5 57. Ne4+ Ke5 {[%emt 0:04:13]} 58. Nxg5 {[%emt 0:00:02]} Kf5 {[%emt 0:01:11]} 59. Nh3 {[%emt 0:05:58]} Bb6 {[%emt 0:00:17]} 60. Kf3 {[%emt 0:00:02]} Ba7 {[%emt 0:00:09]} 61. Kg2 {[%emt 0:02:49]} Kg4 {[%emt 0:00:09]} 62. Kh2 {[%emt 0:00:01]} Bb6 {[%emt 0:00:20]} 63. Kg2 {[%emt 0:00:00]} Be3 {[%emt 0:00:10]} 64. Kh2 {[%emt 0:00:08]} Kf3 {[%emt 0:00:10]} 65. Kh1 {[%emt 0:01:26]} Kg3 {[%emt 0:00:16]} 66. Ng1 {[%emt 0:00:02]} Bxg1 {[%emt 0:00:06]} 67. Kxg1 {[%emt 0:00:02]} g5 68. Kh1 g4 {[%emt 0:00:26]} 69. Kg1 {[%emt 0:00:01]} Kh3 {[%emt 0:00:26]} 70. Kh1 {[%emt 0:00:01]} g3 {[%emt 0:00:08]} 71. Kg1 {[%emt 0:00:00]} g2 {[%emt 0:00:07]} 0-1